000 005440000a22002050004500
003 LK-CoMWRAF
005 20230908183422.0
008 230817t1957 ||||| |||| 00| 0 eng d
040 _aLK-CoMWRAF
_dLK-CoMWRAF
_eLK-CoMWRAF
041 _aeng
082 _a492.7
_bZIA
100 _aZiadeh, Farhat J.
100 _aWinder, R. Bayly
245 _aAn Introduction to modern Arabic
260 _aLondon :
_bOxford University Press,
_c1957
300 _a297p
650 _aArabic Alphabet
650 _aArabic Language in General
942 _cBK
999 _c1534
_d1534